| 000 | 00960nam a22002897i 4500 | ||
|---|---|---|---|
| 003 | EG-ScBUE | ||
| 005 | 20230207070533.0 | ||
| 008 | 220731s2021 ua f 000 f ara d | ||
| 017 | _a2020 / 13587 | ||
| 020 | _a9789770936641 | ||
| 040 |
_aEG-ScBUE _bara _erda _cEG-ScBUE _dEG-ScBUE |
||
| 082 | 0 | 4 |
_222 _a892.736 _bع ز ا |
| 100 |
_aعز الدين، منصورة، _eمؤلف. |
||
| 245 | 1 | 0 |
_aبساتين البصرة / _cمنصورة عز الدين. |
| 246 | 3 | 4 |
_aبساتين البصرة : _bرواية |
| 250 | _aالطبعة الثانية. | ||
| 264 | 1 |
_aالقاهرة : _bدار الشروق، _c2021. |
|
| 300 |
_a163 صفحة ؛ _c19 سم |
||
| 336 |
_2rdacontent _aنص _btxt |
||
| 337 |
_2rdamedia _aبدون وسيط _bn |
||
| 338 |
_2rdacarrier _aمجلد _bnc |
||
| 541 | _aBook Fair 2023. | ||
| 650 | 7 |
_aالقصص العربية _yقرن 20. _2BUEsh |
|
| 653 |
_bARALIT _cFebruary2023 |
||
| 655 | _vReading book | ||
| 942 | _2ddc | ||
| 999 |
_c30104 _d30075 |
||